00338nam a2200133Ia 4500008004100000020001500041041001200056100001300068245005400081260003300135300001000168650001500178700001100193221030s9999 xx 000 0 und d a9327243918 aEnglish aV. Kumar 0aBasic Business Communicationcby V. Kumar, B. Raj bKalyani PubaNew Delhic2015 a14.17 aManagement aB. Raj